Carpentry : Framing & fishing

Bibliographic Details
Main Author: Maguire, Byron W.
Format: Book
Published: Virginia : Reston , 1979
Series:Bibliography
Subjects:

MARC

LEADER 00000cam a2200000 7i4500
001 0000008893
005 20170105.0
020 |a 0835907015 
040 |a INS 
090 0 0 |a TH5606   |b M34 1979 
100 1 |a Maguire, Byron W. 
245 1 0 |a Carpentry :   |b Framing & fishing   |c by Byron W. Maguire 
260 |a Virginia :   |b Reston ,   |c 1979 
300 |a 381p. ;   |c 20cm. 
440 0 |a Bibliography 
500 |a Includes index 
650 0 0 |a Carpentry   |x House construction 
650 0 0 |a Concrete construction   |x Form work 
999 |a 0000024245   |b BOOK   |c Open Shelf   |e Default branch